000 00269nam a2200109Ia 4500
008 200302s9999 xx 000 0 und d
100 _aL. A venturine
245 _aArchitecture Architektur Arquitectura
260 _bAcheve Dimprimer
260 _c2001
300 _a383 P.,
999 _c2433
_d2433